Romanian Nouns: People and Family - Statistics

General Stats
  • This quiz has been taken 36 times
    11 since last reset
  • The average score is 148 of 500
Answer Stats
Română English % Correct
Agent/Agentă Agent
100%
Asistent/Asistentă Assistant
100%
Fiică Daughter
100%
Dentist/Dentistă/Stomatolog/Stomatoloagă Dentist
100%
Expert/Expertă Expert
100%
Tată Father
100%
Imigrant/Imigrantă Immigrant
100%
Migrant/Migrantă Migrant
100%
Milionar/Milioanară Millionaire
100%
Mamă Mother
100%
Nepoată (also granddaughter) Niece
100%
Rival Rival
100%
Fiu Son
100%
Scriitor/Scriitoare Writer
100%
Actor/Actriță Actor
75%
Antagonist/Antagonistă Antagonist
75%
Autor/Autoare Author
75%
Bandă Band
75%
Băiat Boy
75%
Frate Brother
75%
Cumnat Brother-in-law
75%
Canibal/Canibală Cannibal
75%
Comedian/Comediană/Umorist/Umoristă Comedian
75%
Dansator/Dansatoare Dancer
75%
Dictator/Dictatoare Dictator
75%
Director/Directoare (also principal) Director
75%
Împărat/Împărăteasă Emperor
75%
Inginer/Ingineroare Engineer
75%
Socru Father-in-law
75%
Pompier/Pompieră Firefighter
75%
Amic/Amică/Prieten/Prietenă Friend
75%
Grădinar/Grădinăriță Gardener
75%
Fată/Fetiță Girl
75%
Bunic/Tataie Grandfather
75%
Bunică/Mamaie Grandmother
75%
Gardian/Gardiană Guardian
75%
Om/Bărbat Man
75%
Miner/Mineriță Miner
75%
Mămica (also mommy) Mom
75%
Soacră Mother-in-law
75%
Oponent/Oponentă Opponent
75%
Oameni/Popor People
75%
Persoană Person
75%
Pilot/Pilotă Pilot
75%
Poliție/Polițist/Polițistă Police
75%
Prim-ministru Prime Minister
75%
Cântăreț de rap/Cântăreață de rap Rapper
75%
Refugiat/Refugiată Refugee
75%
Coleg(ă) de cameră/Coleg(ă) de apartament/Coleg(ă) de locuință Roommate
75%
Soră Sister
75%
Cumnată Sister-in-law
75%
Soldat Soldier
75%
Spion/Spioană Spy
75%
Supremacist/Supremacistă Supremacist
75%
Adolescent/Adolescentă Teenager
75%
Terorist/Teroristă Terrorist
75%
Vicepreședinte/Vicepreședintă Vice president
75%
Voluntar/Voluntară Volunteer
75%
Femeie/Muiere Woman
75%
Lucrător/Lucrătoare Worker
75%
Activist/Activistă Activist
50%
Administrator/Administratoare Administrator
50%
Adult/Adultă Adult
50%
Adversar/Adversară Adversary
50%
Ambasador/Ambasadoare Ambassador
50%
Arhitect/Arhitectă Architect
50%
Artist/Artistă Artist
50%
Asasin/Asasină Assassin
50%
Asociat/Asociată Associate
50%
Astronaut/Astronaută Astronaut
50%
Brutar/Brutară/Pâinear/Pâineară Baker
50%
Balerin/Balerină Ballerina
50%
Frizer/Frizeriță/Bărbier/Bărbieriță Barber
50%
Miliardar/Miliardară Billionaire
50%
Biolog/Biologă Biologist
50%
Șef/Șefă Boss
50%
Iubit Boyfriend
50%
Căpitan/Căpitană Captain
50%
Celebritate Celebrity
50%
Campion/Campioană Champion
50%
Personaj/Caracter Character
50%
Copil Child
50%
Copii Children
50%
Coleg de clasă/Colegă de clasă Classmate
50%
Coleg/Colegă Colleague
50%
Colonist/Colonistă Colonist
50%
Columnist/Columnistă Columnist
50%
Companion/Companionă Companion
50%
Consultant/Consultantă Consultant
50%
Contributor/Contribuitoare Contributor
50%
Văr/Vară/Verișor/Verișoară Cousin
50%
Creator/Creatoare Creator
50%
Criminal/Criminală Criminal
50%
Tătic/Taică (also daddy) Dad
50%
Doctor/Doctoriță Doctor
50%
Șofer/Șoferiță/Conducător auto/Conducătoare auto Driver
50%
Ecologist/Ecologistă Ecologist
50%
Economist/Economistă Economist
50%
Editor/Editoare Editor
50%
Electrician/Electriciană Electrician
50%
Executiv/Executivă Executive
50%
Exorcist/Exorcistă Exorcist
50%
Exportator/Exportatoare Exporter
50%
Exterminator/Exterminatoare Exterminator
50%
Extremist/Extremistă Extremist
50%
Extrovertit/Extrovertită Extrovert
50%
Familie Family
50%
Fanatic/Fanatică Fanatic
50%
Fermier/Fermieră/Agricultor/Agricultoare Farmer
50%
Pescar/Pescăriță Fisherman
50%
Iubită Girlfriend
50%
Gladiator/Gladiatoare Gladiator
50%
Nepoți Grandchildren
50%
Hacker/Hackeriță Hacker
50%
Gazdă Host
50%
Soț Husband
50%
Idol/Idolă Idol
50%
Ilustrator/Ilustratoare Illustrator
50%
Intervievator/Intervievatoare Interviewer
50%
Introvertit/Introvertită Introvert
50%
Jurnalist/Jurnalistă/Ziarist/Ziaristă Journalist
50%
Judecător/Judecătoare Judge
50%
Rege King
50%
Avocat/Avocată (also advocate) Lawyer
50%
Bibliotecar/Bibliotecară Librarian
50%
Lingvist/Lingvistă Linguist
50%
Magician/Magiciană Magician
50%
Biolog marin/Biologă marină Marine biologist
50%
Mesager/Mesageră Messenger
50%
Meteorolog/Meteoroloagă Meteorologist
50%
Ministru/Ministră Minister
50%
Doamnă/Domnișoară Miss
50%
Narator/Naratoare Narrator
50%
Nepot (also grandson) Nephew
50%
Nomad/Nomadă Nomad
50%
Infirmier/Infirmieră Nurse
50%
Operator/Operatoare Operator
50%
Orfan/Orfană Orphan
50%
Pacifist/Pacifistă Pacifist
50%
Părinte Parent
50%
Participant/Participantă Participant
50%
Partener/Parteneră Partner
50%
Pasager/Pasageră Passenger
50%
Pacient/Pacientă Patient
50%
Patron/Patroană/Mecena Patron
50%
Farmacist/Farmacistă Pharmacist
50%
Filosof/Filosofă/Filozof/Filozofă Philosopher
50%
Fotograf/Fotografă Photographer
50%
Pirat/Pirată Pirate
50%
Poet/Poetă Poet
50%
Papă Pope
50%
Populist/Populistă Populist
50%
Președinte/Președintă President
50%
Prinț Prince
50%
Prințesă Princess
50%
Prizonier/Prizonieră Prisoner
50%
Prostituată/Prostitut Prostitute
50%
Protagonist/Protagonistă Protagonist
50%
Psiholog/Psihologă Psychologist
50%
Publicist/Publicistă Publicist
50%
Regină Queen
50%
Reporter Reporter
50%
Rezident/Rezidentă Resident
50%
Senator/Senatoare Senator
50%
Cântăreț/Cântăreață Singer
50%
Sclav/Sclavă Slave
50%
Specialist/Specialistă Specialist
50%
Soră vitregă (also half-sister) Stepsister
50%
Student/Studentă/Elev/Elevă Student
50%
Profesor/Profesoară/Învățător/Învățătoare Teacher
50%
Terapeut/Terapeută Therapist
50%
Turist/Turistă Tourist
50%
Unchi Uncle
50%
Veteran/Veterană Veteran
50%
Victimă Victim
50%
Vizitator/Vizitatoare Visitor
50%
Votant/Votantă/Alegător/Alegătoare Voter
50%
Ospătar/Ospătăriță/Chelner/Chelneriță Waiter
50%
Soție/Nevastă Wife
50%
Câștigător/Câștigătoare Winner
50%
Alchimist/Alchimistă Alchemist
25%
Anarhist/Anarhistă Anarchist
25%
Strămoș/Strămoașă Ancestor
25%
Animator/Animatoare Animator
25%
Antropolog/Antropoloagă Anthropologist
25%
Apostol/Apostolă Apostle
25%
Arheolog/Arheoloagă Archeologist
25%
Atlet/Atletă Athlete
25%
Mătușă Aunt
25%
Autocrat/Autocrată Autocrat
25%
Bebeluș Baby
25%
Bon/Bonă Babysitter
25%
Bandit/Bandită Bandit
25%
Bancher/Bancheră Banker
25%
Casier bancar/Casieră bancară/Funcționar bancar/Funcționară bancară Bank teller
25%
Începător/Începătoare Beginner
25%
Cel mai bun prieten/Cea mai bună prietenă Best friend
25%
Biograf/Biografă Biographer
25%
Birocrat/Birocrată Bureaucrat
25%
Cumpărător/Cumpărătoare/Achizitor/Achizitoare Buyer
25%
Operator de cameră/Operatoare de cameră Cameraman
25%
Îngrijitor/Îngrijitoare Caretaker
25%
Tâmplar/Tâmplăriță/Dulgher/Dulgheriță Carpenter
25%
Casier/Casieră/Casieriță Cashier
25%
Trișor/Trișoare Cheater
25%
Majoret/Majoretă Cheerleader
25%
Bucătar/Bucătăreasă Chef
25%
Chiropractor/Chiropractoare/Chiropractician/Chiropracticiană Chiropractor
25%
Cetățean/Cetățeană Citizen
25%
Cler Clergy
25%
Clovn/Clovniță Clown
25%
Antrenor/Antrenoare (also trainer) Coach
25%
Combatant/Combatantă Combatant
25%
Concubină/Concubin Concubine
25%
Consort/Consoartă Consort
25%
Consumator/Consumatoare Consumer
25%
Contractant/Contractantă/Contractor/Contractoare Contractor
25%
Medic legist/Medic legistă Coroner
25%
Coleg de muncă/Colegă de muncă Co-worker
25%
Curator/Curatoare Curator
25%
Custode Custodian
25%
Ciclist/Ciclistă/Biciclist/Biciclistă Cyclist
25%
Noră Daughter-in-law
25%
Delincvent/Delincventă Delinquent
25%
Descendent/Descendentă Descendant
25%
Deuteragonist/Deuteragonistă Deuteragonist
25%
Dietetician/Dieteticiană Dietitian
25%
Diplomat/Diplomată Diplomat
25%
Dizident/Dizidentă/Disident/Disidentă Dissident
25%
Emigrant/Emigrantă Emigrant
25%
Angajat/Angajată/Salariat/Salariată Employee
25%
Inamic/Inamică/Dușman/Dușmancă Enemy
25%
Expansionist/Expansionistă Expansionist
25%
Expatriat/Expatriată Expatriate
25%
Explorator/Exploratoare Explorer
25%
Luptător/Luptătoare Fighter
25%
Fondator/Fondatoare Founder
25%
Naș Godfather
25%
Nașă Godmother
25%
Guvernator/Guvernatoare Governor
25%
Invitat/Invitată/Oaspete Guest
25%
Gimnast/Gimnastă Gymnast
25%
Hedonist/Hedonistă Hedonist
25%
Erou/Eroină Hero
25%
Istoric/Istorică/Historiator/Historiatoare Historian
25%
Umanist/Umanistă Humanist
25%
Vânător/Vânătoare Hunter
25%
Igienist/Igienistă Hygienist
25%
Importator/Importatoare Importer
25%
Persoană influentă Influencer
25%
Inspector/Inspectoare Inspector
25%
Instructor/Instructoare Instructor
25%
Insurecționist/Insurecționistă Insurrectionist
25%
Intermediar/Intermediară Intermediary
25%
Anchetator/Anchetatoare/Investigator/Investigatoare Investigator
25%
Puști/Puștoaică Kid
25%
Cavaler Knight
25%
Doamnă Lady
25%
Lider Leader
25%
Legislator/Legislatoare/Legiuitor/Legiuitoare Legislator
25%
Pierzător/Pierzătoare/Perdant/Perdantă/Luzăr/Ratat/Ratată Loser
25%
Mag/Magă Mage
25%
Majestate Majesty
25%
Matriarhă Matriarch
25%
Matroană Matron
25%
Primar/Primăriță/Edil/Edilă Mayor
25%
Mecanic/Mecanică Mechanic
25%
Medium/Mediumă Medium
25%
Mercenar/Mercenară Mercenary
25%
Misionar/Misionară Missionary
25%
Domnule/Dle (also sir) Mister
25%
Monarh/Monarhă Monarch
25%
Mutant/Mutantă Mutant
25%
Naționalist/Naționalistă Nationalist
25%
Vecin/Vecină Neighbour
25%
Novice Novice
25%
Călugăriță/Maică Nun
25%
Oligarh/Oligarhă Oligarch
25%
Deținător/Deținătoare (also holder, keeper) Owner
25%
Pastor/Pastoră Pastor
25%
Patriarh Patriarch
25%
Patriot/Patriotă Patriot
25%
Perfecționist/Perfecționistă Perfectionist
25%
Făptuitor/Făptuitoare/Perpetrator/Perpetratoare Perpetrator
25%
Filantrop/Filantropă Philanthropist
25%
Pionier/Pionieră Pioneer
25%
Jucător/Jucătoare Player
25%
Poștaș/Poștăriță Postman
25%
Predicator/Predicatoare/Propovăduitor/Propovăduitoare Preacher
25%
Precursor/Precursoare Precursor
25%
Preot/Preoteasă Priest
25%
Prodigiu Prodigy
25%
Producător/Producătoare Producer
25%
Programator/Programatoare Programmer
25%
Propagandist/Propagandistă Propagandist
25%
Profet/Profetă Prophet
25%
Protector/Protectoare/Ocrotitor/Ocrotitoare Protector
25%
Protestatar/Protestatară Protestor
25%
Psihiatru/Psihiatră Psychiatrist
25%
Cititor/Cititoare Reader
25%
Recepționer/Recepționeră Receptionist
25%
Destinatar/Destinatară Recipient
25%
Reglementator/Reglementatoare/Regulator/Regulatoare Regulator
25%
Rudă Relative
25%
Alergător/Alergătoare Runner
25%
Sfânt/Sfântă Saint
25%
Om de știință Scientist
25%
Secretar/Secretară Secretary
25%
Agent de securitate/Agentă de securitate Security guard
25%
Separatist/Separatistă Separatist
25%
Servitor/Servitoare/Slujitor/Slujitoare Servant
25%
Ginere Son-in-law
25%
Vorbitor/Vorbitoare/Orator/Oratoare Speaker
25%
Spectator/Spectatoare Spectator
25%
Fiică vitregă Stepdaughter
25%
Tată vitreg Stepfather
25%
Mamă vitregă Stepmother
25%
Fiu vitreg Stepson
25%
Străin/Străină Stranger
25%
Strateg/Strategă Strategist
25%
Abonat/Abonată/Subscriitor/Subscriitoare Subscriber
25%
Supererou/Supereroină Superhero
25%
Superrăufăcător/Superrăufăcătoare Supervillain
25%
Susținător/Susținătoare Supporter
25%
Supraviețuitor/Supraviețuitoare Survivor
25%
Înotător/Înotătoare Swimmer
25%
Tehnician/Tehniciană Technician
25%
Hoț/Hoaţă Thief
25%
Ghid turistic/Ghidă turistică/Ghid de tur/Ghidă de tur Tour guide
25%
Trădător/Trădătoare Traitor
25%
Geamăn/Geamănă Twin
25%
Vagabond/Vagabondă Vagabond
25%
Sătean/Săteancă Villager
25%
Răufăcător/Răufăcătoare Villain
25%
Criminal de război/Criminală de război/Infractor de război/Infractoare de război War criminal
25%
Lord al războiului Warlord
25%
Vrăjitoare/Vrăjitor Witch
25%
Sionist/Sionistă Zionist
25%
Răpitor/Răpitoare (also kidnapper) Abductor
0%
Complice Accomplice
0%
Contabil/Contabilă Accountant
0%
Acolit/Acolită Acolyte
0%
Aventurier/Aventurieră Adventurer
0%
Agresor/Agresoare Aggressor
0%
Aliat/Aliată Ally
0%
Absolvent/Absolventă Alumnus
0%
Amator/Amatoare Amateur
0%
Crainic/Crainică Announcer
0%
Ucenic/Ucenică Apprentice
0%
Arcaș/Arcașă Archer
0%
Incendiator/Incendiatoare Arsonist
0%
Asaltant/Asaltantă Assailant
0%
Astronom/Astronomă Astronomer
0%
Licitaționar/Licitaționară/Casator/Casatoare Auctioneer
0%
Barbar/Barbară Barbarian
0%
Barman/Barmaniță Bartender
0%
Apicultor/Apicultoare Beekeeper
0%
Cerșetor/Cerșetoare Beggar
0%
Credincios/Credincioasă Believer
0%
Licitator/Licitatoare/Ofertant/Ofertantă Bidder
0%
Gardă de corp Bodyguard
0%
Vânător de recompense/Vânătoare de recompense Bounty hunter
0%
Bătăuș/Bătăușă Bully
0%
Măcelar/Măcelăriță Butcher
0%
Trecător/Trecătoare (also passerby) Bystander
0%
Trupă de actori/Echipă de actori Cast
0%
Cancelar/Cancelară Chancellor
0%
Șarlatan/Șarlatană Charlatan
0%
Colecționar/Colecționară/Colector/Colectoare Collector
0%
Comandant/Comandantă Commander
0%
Comisar/Comisară Commissioner
0%
Persoană de rând/Om de rând Commoner
0%
Cuceritor/Cuceritoare Conqueror
0%
Conservaționist/Conservaționistă Conservationist
0%
Convorbitor/Convorbitoare/Conversaționalist/Conversaționalistă Conversationalist
0%
Consilier local/Consilieră locală Councilor
0%
Curier/Curieră Courier
0%
Văr prin alianță/Verișoară prin alianță Cousin in-law
0%
Laș/Lașă Coward
0%
Văcar Cowboy
0%
Echipaj Crew
0%
Cultist/Cultistă Cultist
0%
Client/Clientă Customer
0%
Pârât/Pârâtă/Inculpat/Inculpată Defendant
0%
Apărător/Apărătoare Defender
0%
Negator/Negatoare/Negaționist/Negaționistă Denier
0%
Proiectant/Proiectantă Designer
0%
Despot/Despotă Despot
0%
Distrugător/Distrugătoare Destroyer
0%
Reținut/Reținută Detainee
0%
Dezvoltator/Dezvoltatoare Developer
0%
Discipol/Discipolă Disciple
0%
Descoperitor/Descoperitoare Discoverer
0%
Dispecer/Dispeceră Dispatcher
0%
Scufundător/Scufundătoare/Scafandru Diver
0%
Donator/Donatoare Doner
0%
Egiptolog/Egiptologă Egyptologist
0%
Îmbălsămător/Îmbălsămătoare Embalmer
0%
Emir/Emiră Emir
0%
Emisar/Emisară Emissary
0%
Angajator/Angajatoare Employer
0%
Întreprinzător/Întreprinzătoare Entrepreneur
0%
Trimis/Trimisă Envoy
0%
Erudit/Erudită Erudite
0%
Călău/Călăua Executioner
0%
Însoțitor de zbor/Însoțitoare de zbor/Însoțitor de bord/Însoțitoare de bord Flight attendant
0%
Cetățean străin/Cetățeană străină Foreigner
0%
Fugar/Fugară Fugitive
0%
Bande Gang
0%
Domn Gentleman
0%
Tip/Tipă Guy
0%
Prevestitor/Prevestitoare Harbinger
0%
Moștenitor/Moștenitoare/Erede/Eredă Heir
0%
Vestitor/Vestitoare (also harbinger) Herald
0%
Eretic/Eretică Heretic
0%
Drumeț/Drumeață Hiker
0%
Autostopist/Autostopistă Hitchhiker
0%
Asasin plătit/Ucigaș plătit Hitman
0%
Strângător/Strângătoare/Adicător/Adicătoare Hoarder
0%
Ostatic/Ostatică Hostage
0%
Sugar Infant
0%
Stagiar/Stagiară Intern
0%
Intrus/Intrusă Intruder
0%
Invadator/Invadatoare Invader
0%
Investitor/Investitoare Investor
0%
Ucigaș/Ucigașă Killer
0%
Proprietar/Proprietară (also owner) Landlord
0%
Salvamar/Salvamară Lifeguard
0%
Amant/Amantă Lover
0%
Cameristă Maid
0%
Gestionar/Gestionară Manager
0%
Manipulator/Manipulatoare Manipulator
0%
Martir/Martiră/Mucenic/Mucenică Martyr
0%
Masochist/Masochistă Masochist
0%
Negustor/Negustoreasă Merchant
0%
Slugă Minion
0%
Agent funerar/Agentă funerară/Înmormântător/Înmormântătoare Mortician
0%
Necromant/Necromantă Necromancer
0%
Observator/Observatoare Observer
0%
Asupritor/Asupritoare/Opresor/Opresoare Oppressor
0%
Oracol/Oracolă Oracle
0%
Ortodont/Ortodontă Orthodontist
0%
Țăran/Țărană Peasant
0%
Pieton/Pietoniță Pedestrian
0%
Faraon Pharaoh
0%
Pelerin/Pelerină Pilgrim
0%
Proxenet Pimp
0%
Reclamant/Reclamantă Plaintiff
0%
Instalator/Instalatoare Plumber
0%
Braconier/Braconieră Poacher
0%
Poliglot/Poliglotă Polyglot
0%
Profesionist/Profesionistă Professional
0%
Progenitor/Progenitoare Progenitor
0%
Procuror Prosecutor
0%
Pustnic/Pustnică Recluse
0%
Arbitru/Arbitră Referee
0%
Salvator de vieți/Salvatoare de vieți Rescuer
0%
Persoană pensionată/Om la pensie Retiree
0%
Conducător/Conducătoare Ruler
0%
Sadomasochist/Sadomasochistă Sadomasochist
0%
Marinar/Marinară Sailor
0%
Salvator/Salvatoare Saviour
0%
Escroc/Escroacă Scammer
0%
Țap ispășitor/Țapă ispășitoare Scapegoat
0%
Savânt/Savântă Scholar
0%
Persoană în vârstă Senior
0%
Ucigaș în serie/Ucigașă în serie Serial killer
0%
Așezător/Așezătoare Settler
0%
Șaman/Șamană Shaman
0%
Frați (also brothers) Siblings
0%
Păcătos/Păcătoasă Sinner
0%
Socialită/Persoană mondană/Mondena Socialite
0%
Student în anul doi/Studentă în anul doi/Elev în anul doi/Elevă în anul doi Sophomore
0%
Purtător de cuvânt/Purtătoare de cuvânt Spokesperson
0%
Hărțuitor/Hărțuitoare Stalker
0%
Sultan Sultan
0%
Furnizor/Furnizoare Supplier
0%
Chirurg/Chirurgă Surgeon
0%
Simpatizant/Simpatizantă Sympathizer
0%
Croitor Tailor
0%
Dresor/Dresoare Tamer
0%
Coechipier/Coechipieră Teammate
0%
Călător în timp/Călătoare în timp Time traveller
0%
Traficant/Traficantă Trafficker
0%
Călător/Călătoare Traveller
0%
Magnat/Magnată Tycoon
0%
Tiran/Tirană Tyrant
0%
Uzurpator/Uzurpatoare Usurper
0%
Om al străzii Vagrant
0%
Vânzător/Vânzătoare Vendor
0%
Veterinar/Veterinară Veterinarian
0%
Director adjunct/Directoare adjunctă Vice principal
0%
Învingător/Învingătoare Victor
0%
Privitor/Privitoare/Telespectator/Telespectatoare (TV) Viewer
0%
Director de închisoare/Directoare de închisoare/Gardian-șef/Gardian-șefă Warden
0%
Războinic/Războinică Warrior
0%
Martor/Martoră Witness
0%
Afemeiat Womanizer
0%
Închinător/Închinătoare/Adorator/Adoratoare Worshiper
0%
Îngrijitor de zoo/Îngrijitoare de zoo Zookeeper
0%
No matching quizzes found
Score Distribution
Percent of People with Each Score
Percentile by Number Answered
Your Score History
You have not taken this quiz since the last reset